<?xml version="1.0" encoding="UTF-8"?>
<collection xmlns="http://www.loc.gov/MARC21/slim">
<record>
  <controlfield tag="001">167474</controlfield>
  <controlfield tag="005">20260121151437.0</controlfield>
  <datafield tag="037" ind1=" " ind2=" ">
    <subfield code="a">TAZ-TFG-2025-371</subfield>
  </datafield>
  <datafield tag="041" ind1=" " ind2=" ">
    <subfield code="a">spa</subfield>
  </datafield>
  <datafield tag="100" ind1="1" ind2=" ">
    <subfield code="a">Sánchez Herandez, Paula</subfield>
  </datafield>
  <datafield tag="242" ind1="0" ind2="0">
    <subfield code="a">The role of nursing in the detection and prevention of child abuse</subfield>
  </datafield>
  <datafield tag="245" ind1="0" ind2="0">
    <subfield code="a">El papel de la enfermería en la detección y prevención del maltrato infantil</subfield>
  </datafield>
  <datafield tag="260" ind1=" " ind2=" ">
    <subfield code="a">Zaragoza</subfield>
    <subfield code="b">Universidad de Zaragoza</subfield>
    <subfield code="c">2025</subfield>
  </datafield>
  <datafield tag="506" ind1=" " ind2=" ">
    <subfield code="a">by-nc-sa</subfield>
    <subfield code="b">Creative Commons</subfield>
    <subfield code="c">3.0</subfield>
    <subfield code="u">http://creativecommons.org/licenses/by-nc-sa/3.0/</subfield>
  </datafield>
  <datafield tag="520" ind1=" " ind2=" ">
    <subfield code="a">El maltrato infantil se presenta como un desafío para la salud pública, con consecuencias que afectan no solo a los menores sino al desarrollo económico y social del país. Esta revisión se ha llevado a cabo con la finalidad de vislumbrar si las enfermeras tienen un papel importante en la prevención y la detección del maltrato dada la cercanía que presentan con los pacientes. Se recogió información de bases de datos como Pubmed o Cuiden.&lt;br />Se definieron los diferentes tipos de maltrato y los factores predisponentes. Durante la revisión se encontraron varios artículos que afirmaban que una buena formación podría ser una gran herramienta a la hora de detectar nuevos casos. También se matiza la importancia de buenos recursos, protocolos, guías y el apoyo emocional necesario para evitar que los profesionales se vean sobrepasados. Por último, a modo de ayuda se recogieron signos de maltrato y se organizaron según las 14 necesidades de Virginia Henderson para facilitar su detección.&lt;br />&lt;br /></subfield>
  </datafield>
  <datafield tag="521" ind1=" " ind2=" ">
    <subfield code="a">Graduado en Enfermería</subfield>
  </datafield>
  <datafield tag="540" ind1=" " ind2=" ">
    <subfield code="a">Derechos regulados por licencia Creative Commons</subfield>
  </datafield>
  <datafield tag="856" ind1="0" ind2=" ">
    <subfield code="f">802028@unizar.es</subfield>
  </datafield>
  <datafield tag="856" ind1="4" ind2=" ">
    <subfield code="s">1067008</subfield>
    <subfield code="u">http://zaguan.unizar.es/record/167474/files/TAZ-TFG-2025-371.pdf</subfield>
    <subfield code="y">Memoria (spa)</subfield>
  </datafield>
  <datafield tag="909" ind1="C" ind2="O">
    <subfield code="o">oai:zaguan.unizar.es:167474</subfield>
    <subfield code="p">driver</subfield>
    <subfield code="p">trabajos-fin-grado</subfield>
  </datafield>
  <datafield tag="950" ind1=" " ind2=" ">
    <subfield code="a"></subfield>
  </datafield>
  <datafield tag="691" ind1=" " ind2=" ">
    <subfield code="a">3 10 16</subfield>
  </datafield>
  <datafield tag="692" ind1=" " ind2=" ">
    <subfield code="a">Protegiendo la infancia, el correcto desarrollo del menor y fomentando un entorno seguro para su correcto desarrollo</subfield>
  </datafield>
  <datafield tag="700" ind1=" " ind2=" ">
    <subfield code="a">Calvo Gascón, Ana María</subfield>
    <subfield code="e">dir.</subfield>
  </datafield>
  <datafield tag="710" ind1="2" ind2=" ">
    <subfield code="a">Universidad de Zaragoza</subfield>
    <subfield code="b">Fisiatría y Enfermería</subfield>
    <subfield code="c">Enfermería</subfield>
  </datafield>
  <datafield tag="980" ind1=" " ind2=" ">
    <subfield code="a">TAZ</subfield>
    <subfield code="b">TFG</subfield>
    <subfield code="c">ENFHUES</subfield>
  </datafield>
  <datafield tag="999" ind1=" " ind2=" ">
    <subfield code="a">20250407221802.CREATION_DATE</subfield>
  </datafield>
  <datafield tag="951" ind1=" " ind2=" ">
    <subfield code="a">deposita:2026-01-21</subfield>
  </datafield>
</record>
</collection>